01192pam a2200313 a 450000100040000000500170000400800410002102000250006204000230008705000240011008200140013410000240014824500490017226000350022130000240025650000610028050500060034152001790034752100180052652100180054465000230056265000220058565000250060765000300063290600450066294200150070799900130072295201430073559220230620161457.0920504s1993 nyu j 000 1 eng  a0590449214 :c$13.95 aDLCcDLCdDLCbeng00aPZ7.B46626bMy 199300a[Fic]2201 aBetancourt, Jeanne.10aMy name is Brain Brian /cJeanne Betancourt. aNew York :bScholastic,c1993. a128 pages ;c22 cm. aOn t.p. the word "brain" appears with an "X" through it. aM aAlthough he is helped by his new sixth grade teacher after being diagnosed as dyslexic, Brian still has some problems with school and with people he thought were his friends. a700 bLexile aM bRaz-Plus 1aDyslexiaxFiction. 1aSchoolsxFiction. 1aFriendshipxFiction. 1aSelf-perceptionxFiction. a7bcbccorignewd1eocipf19gy-gencatlg 2ddccBKn0 c592d592 00102ddc40708JUVFa001b001cTK Oranged2023-06-20l1oBET Fic PZ7.B46626pFISTK04857r2025-12-09 11:34:23s2025-08-29w2023-06-20yBK